| 000 | 00508nam a22001937a 4500 | ||
|---|---|---|---|
| 003 | OSt | ||
| 005 | 20150810180036.0 | ||
| 008 | 150206b slv spa | ||
| 040 | _cBMC | ||
| 082 | _a658.04 | ||
| 082 | _a338.7 | ||
| 245 | 0 | 0 |
_aTeoría administrativa _cFrancisco Cienfuegos, recopilador |
| 260 |
_a[San Salvador _bs.n. _cs.a.] |
||
| 300 |
_a348 p. _c27 cm |
||
| 650 | 2 | 4 |
_95662 _aEmpresas |
| 650 | 2 | 4 |
_93341 _aGestión de empresas |
| 700 | 1 |
_931297 _aCienfuegos, Francisco |
|
| 942 |
_2ddc _cBK |
||
| 999 |
_c18268 _d18268 |
||